000 00563nam a2200205 a 4500
001 BRCA_6897
005 20190320205630.0
008 141111s1898----enk#######---#000-0#eng-#
041 _aeng
_henk
050 4 _aPR2754
_b.N5 1898
100 1 _aShakespeare, William
_d1564-1616
_910760
245 1 0 _aOthello, The Moor of Venice.
_cby William Shakespeare.
260 _aLondres
_bBliss, sands & Co.
_c1898
300 _a13 p.
_c14 cm.
500 _aCon firma de Franz Mayer
500 _aL148
650 1 4 _aOthello
_xDrama
_917177
902 _aGFM
942 _2lcc
_cB
999 _c6579
_d6579